000 01469nam a2200325 a 4500
001 0000233
003 DO-SdBNP
005 20160413094018.0
007 0000233
008 150130s2013 dr ac 000 0 spa d
020 _a9789945174816
040 _aBPMSU
_bspa
_cBPMSU
092 _a373.7
_bM425a, 1ro. 2013
245 0 0 _aMatemática 1 :
_beducación media /
_cgerencia editorial Anna Rogero Soler ; colaboración Kreemly Pérez ; ilustraciones Joaquín Turina.
260 _aSanto Domingo :
_bSM,
_c2013.
300 _a311 p.
_bil., retrs,
_c29 cm. +
_eCD Room :
490 1 _aProyecto Sé
505 1 _t Unidad 1 --
_tLenguaje matemático --
_tUnidad 2 --
_tNúmeros reales y números complejos --
_tUnidad 3 --
_tPolinomios --
_tUnidad 4 --
_tFactorización y fracciones algebraicas --
_tUnidad 5 --
_tEcuaciones e inecuaciones --
_tUnidad 6 --
_tFunciones lineales y cuadráticas --
_tUnidad 7 --
_tRectas, segmentos y ángulos --
_tUnidad 8 --
_tParámetros estadístico. Probabilidad --
_tGlosario --
_tBibliografía.
650 _aMATEMÁTICAS
_xENSEÑANZA SECUNDARIA
650 _aENSEÑANZA SECUNDARIA
_zREPÚBLICA DOMINICANA
650 _aMATEMÁTICAS
_xLIBROS DE TEXTOS
650 _aMATEMÁTICAS
_xESTUDIOS Y EJERCICIOS
700 1 2 _aRogero Soler, Anna
_eed.
700 1 2 _aPérez, Kreemly
700 1 2 _aTurina, Joaquin
_eil.
830 0 _aProyecto Sé
910 _aValidado. Control de calidad MFF
942 _2ddc
_cBK
956 _aYLOCKWARD
_b10
999 _c7955
_d7955